Provinces of Northern Kurdistan - Statistics

General Stats
  • This quiz has been taken 52 times
  • The average score is 23 of 28
Answer Stats
Kurdish Area (km2) Population Province % Correct
Mêrdîn 8,780 km2 870,374 Mardin
97%
Wan 20,921 km2 1,128,749 Van
97%
Amed 15,101 km2 1,833,684 Diyarbakır
94%
Mûş 8,718 km2 399,202 Muş
94%
Agirî 11,099 km2 511,238 Ağrı
91%
Erzîngan 11,815 km2 239,223 Erzincan
91%
Erzîrom 25,006 km2 767,848 Erzurum
91%
Xetay 5,524 km2 1,686,043 Hatay
91%
Riha 19,242 km2 2,170,110 Şanlıurfa
91%
Şirnex 7,078 km2 570,745 Şırnak
91%
Sêwas 28,164 km2 634,924 Sivas
88%
Dêrsim 7,582 km2 89,317 Tunceli
88%
Êlih 4,477 km2 634,491 Batman
85%
Bidlîs 8,394 km2 353,988 Bitlis
85%
Qers 10,193 km2 274,829 Kars
85%
Meletî 12,259 km2 812,580 Malatya
85%
Sêrt 5,717 km2 331,311 Siirt
82%
Erdêxan 4,934 km2 92,481 Ardahan
79%
Baybûrd 3,746 km2 84,241 Bayburt
79%
Colemêrg 7,095 km2 287,625 Hakkâri
79%
Kilîs 1,412 km2 147,919 Kilis
79%
Semsûr 7,337 km2 635,169 Adıyaman
73%
Dîlok 6,803 km2 2,193,363 Gaziantep
70%
Çewlîg 8,003 km2 282,556 Bingöl
67%
Xarpêt 9,383 km2 591,497 Elâzığ
67%
Gurgum 14,520 km2 1,177,436 Kahramanmaraş
67%
Reşqelas 3,664 km2 203,594 Iğdır
45%
Kinikan 3,320 km2 559,405 Osmaniye
36%
No matching quizzes found
Score Distribution
Percent of People with Each Score
Percentile by Number Answered
Your Score History
You have not taken this quiz